Las Enfermedades del corazón
| Prif Awdur: | |
|---|---|
| Fformat: | Llyfr |
| Iaith: | Spanish |
| Pynciau: |
MARC
| LEADER | 000000am a2200000 a 4500 | ||
|---|---|---|---|
| 001 | 4419 | ||
| 003 | Ucuenca | ||
| 005 | 20230308175816.0 | ||
| 008 | 951051|1950 ||||||||r|||||||||||spa|| | ||
| 040 | |b spa | ||
| 041 | 0 | |a spa | |
| 082 | 0 | |a 616.12 |b Gar | |
| 100 | 1 | |a García Ortíz, Enrique |9 84856 | |
| 245 | 1 | 1 | |a Las Enfermedades del corazón |c Enrique García Ortíz |h imp |
| 264 | |a Madrid |b Ediciones y Publicaciones Españolas |c 1950 | ||
| 300 | |a 305 páginas: | ||
| 650 | 1 | |a Enfermedades cardiovasculares |9 81350 | |
| 852 | |a UC-SALUD | ||
| 942 | |c BK | ||
| 999 | |c 51092 |d 51092 | ||